Androcles and the lion ... (Record no. 9435)
[ view plain ]
| 000 -LEADER | |
|---|---|
| fixed length control field | 00475cam a2200181u 4500 |
| 001 - CONTROL NUMBER | |
| control field | 9548675 |
| 005 - DATE AND TIME OF LATEST TRANSACTION | |
| control field | 20160128173616.0 |
| 008 - FIXED-LENGTH DATA ELEMENTS--GENERAL INFORMATION | |
| fixed length control field | 830324s1913 xx 000 0 eng |
| 010 ## - LIBRARY OF CONGRESS CONTROL NUMBER | |
| LC control number | unk82106400 |
| 040 ## - CATALOGING SOURCE | |
| Original cataloging agency | DLC |
| Transcribing agency | CarP |
| Modifying agency | DLC |
| 050 00 - LIBRARY OF CONGRESS CALL NUMBER | |
| Classification number | PR5363 |
| Item number | .A86 1913 |
| 100 1# - MAIN ENTRY--PERSONAL NAME | |
| Personal name | Shaw, Bernard, |
| Dates associated with a name | 1856-1950. |
| 245 00 - TITLE STATEMENT | |
| Title | Androcles and the lion ... |
| 260 ## - PUBLICATION, DISTRIBUTION, ETC. (IMPRINT) | |
| Place of publication, distribution, etc. | Lond., |
| Date of publication, distribution, etc. | 1913. |
| 300 ## - PHYSICAL DESCRIPTION | |
| Extent | 1 v. |
| Other physical details | cm. |
| 906 ## - LOCAL DATA ELEMENT F, LDF (RLIN) | |
| a | 0 |
| b | cbc |
| c | premunv |
| d | u |
| e | ncip |
| f | 19 |
| g | y-gencatlg |
| 942 ## - ADDED ENTRY ELEMENTS (KOHA) | |
| Source of classification or shelving scheme | |
| Koha item type | Hard Covered Materials |
| Withdrawn status | Lost status | Source of classification or shelving scheme | Damaged status | Not for loan | Home library | Current library | Shelving location | Date acquired | Total Checkouts | Full call number | Barcode | Date last seen | Date last checked out | Price effective from | Koha item type |
|---|---|---|---|---|---|---|---|---|---|---|---|---|---|---|---|
| MACHAKOS UNIVERSITY LIBRARY | MACHAKOS UNIVERSITY LIBRARY | Africana | 27/10/2015 | 2 | AFR PR 5363 .S53 1981 | 17033 | 19/10/2021 | 19/10/2021 | 27/10/2015 | Africana (Books) |